MDQL
is popping MORE tags! Check the
thread
!
Quizzes
Events
Quiz Creation
Community
Videos
Private Events
Remove Ads
Sign In
Join for FREE
Feedback
Dark Mode
Quiz Categories
Sports
Geography
Music
Movies
Television
Just For Fun
Miscellaneous
History
Literature
Language
Science
Gaming
Entertainment
Religion
Holiday
For Kids
Quiz Lab
Recent
Popular Today
Quiz Kudos Today
Editor Picks
Curator Picks
Quizzes by...
Day
Popularity
Type
Ratings
Length
Year
Community
Subscriptions
Recent Discussions
Orange Saloon
Badges
Playlists
Quests
Create
Leaderboards
Showdown
Live 5
Trivia Bingo
Activity
Puzzle Library
Sporcle Events
Private Events
Virtual Trivia
Globe League
Become a Host
Pub Owners
SporcleCon
Opinionation
Our Games
Videos
Blog
Mobile Apps
Partnerships
Remove Ads and Go Orange
Feedback
Religion
Mythology
Religious Music
World Religions
Bible
Christianity
Catholicism
Judaism
Church
Scripture
Islam
Verse
Religion
Mythology
Religious Music
World Religions
Bible
Christianity
Catholicism
Judaism
Church
Scripture
Islam
Verse
Random Quiz
Search Sporcle
×
Quiz Lab
Quiz Lab
Religion
World
Type in answers that appear in a list
Type in answers that appear in a list
Classic
Best Score? Go Orange.
World Religions Stats
Can you name the World Religions?
By
JonBerta
10m
11 Questions
6 Plays
6 Plays
6 Plays
Comments
Comments
Give Quiz Kudos
Give Quiz Kudos
-
- Ratings
hide this ad
Replay
Link that replays current quiz
Next Quiz
Link to next quiz in quiz playlist
You Got
0%
They Got
Avg Score
39%
Avg Friend Score
Upgrade to see
Score Distribution
Jump to the score distribution portion of the page
Score
0/11
Timer
10:00
0
Plays Today
% Correct
jediism
83.3%
alienism
50%
pastafariun
33.3%
the church of ed wood
33.3%
raelism
33.3%
happy science religion
33.3%
pana wave
33.3%
anchormanism
33.3%
jakiemoonism
33.3%
natureifiasimisium
33.3%
friedchickenieieieieiism
33.3%
Quiz Playlist
Details
Report
Send in Message
Add To Playlist
Classic:
Type in answers that appear in a list
Last Updated: Feb 16, 2017
Quiz Scoreboard
CHALLENGE
Sign Up to Join the Scoreboard
Show All
Scores
Hide
Comments
May contain spoilers
Recently Published
Two Season TV Shows II
by 123Four
Television
10m
Image Sorting: Flags VI
by Barbecue
Geography
2m
Find the 'City' Movie
by crazypaving
Movies
60s
More to Explore
Quiz From the Vault
Featured Blog Post
14 Easter Pick-up Lines to Find Eggs With
hide this ad
You Might Also Like...
Tags
World Quiz
Today's Top Quizzes in Religion
Browse Religion
hide this ad
Today's Top Quizzes in World
Browse World
Top Contributed Quizzes in Religion
1
Christmas Pick: Judaism
2
Mini Trivia Sudoku: Mythology
3
99 names of Allah
4
Religions Spelling Bee
5
Artistic Maundy Thursday
6
Christmas Pick: World Religions
7
Christmas Pick: Islam
8
5-to-1: Children of Gods
9
5-to-1: European Churches
10
Longevity in the Bible
Explore More
Trending Topics
Anime
Kpop
Harry Potter
NBA
Disney
Marvel
Crossword
Country
Pokémon
The Office
Song
NFL
Soccer
Puzzle
WWE
hide this ad
More By:
JonBerta
Quiz
Plays
Rating
Category
Featured
Created
NBA Starting Rosters 2011
117
1.11
Sports
Feb 3, 2011
Red sox Acquisitions
87
1.00
Sports
Jan 19, 2011
Celtics 2010-2011 Roster and Coaches
77
1.00
Sports
Jan 13, 2011
Shades of Black
45
1.00
Miscellaneous
Feb 4, 2011
Common Pet Peeves
11
1.00
Miscellaneous
Feb 4, 2011
Go to Creator's Profile
Score Distribution
Quiz Creator Spotlight
JonBerta
Follow
Send a Message
Quizzes Created
-
Created Quiz Play Count
-
More By This Creator
Popular Quizzes Today
1
Find the US States - No Outlines Minefield
2
Colored Red Africa Blitz
3
Find the 'City' Movie
4
5x2 Blitz: Bands
5
The Countries of the World
6
Find the Countries of Europe - No Outlines Minefield
7
Find the US States
8
US States
More Religion Quizzes
Bible Locations
Published
Trending Quizzes
Colored Red Europe Blitz I
Colored Red Africa Blitz II
Colored Red Europe Blitz II
Colored Red Africa Blitz III
Even More Two Season TV Shows
Recently Updated
March Madness Men's Triple Doubles
pecheneg
How Do You Spell That?
pecheneg
Godzilla Movies
pecheneg
Grab Bag: 4-10 Letters
pecheneg
2024 March Madness Bracket
pecheneg
Famous TV Couples
Peacemaker
Champions League XIs: Real Madrid
pecheneg
Largest US Cities 1790-2010
pecheneg
Rides in Walt Disney World
pecheneg
Most Oscar Losses (Acting)
pecheneg
Trending Topics
Anime
Marvel
Harry Potter
Crossword
Disney
NBA
Kpop
WWE
Puzzle
Soccer
NFL
Country
The Office
Pokémon
Song
Your Account Isn't Verified!
In order to create a playlist on Sporcle, you need to verify the email address you used during registration. Go to your
Sporcle Settings
to finish the process.
Report this User
Report this user for behavior that violates our
Community Guidelines
.
Details:
Send Report
Go to the Sporcle.com Mobile Site →
Comments